Allgemeine Fragen - Statistiken

Allgemein
  • Dieses Quiz wurde 357 mal gespielt
  • Das Durchschnittsergebnis liegt bei 12 aus 15
Antwortstatistiken
Frage Antwort % Korrekt
Wie viele Bundesländer hat Deutschland? 16
100%
Wer erfand 1866 das erste Auto? Carl Benz
100%
Wofür stehen die Olympischen Ringe? Für die 5 Kontinenten
100%
Wer war der erste Präsident der Usa? Georg Washington
100%
Wer war als erstes Bundeskanzler Deutschlands? Konrad Adenauer
100%
Welcher Berg ist der höchste der Welt? Mount Everest
100%
Wie lange war Barack Obama Präsident der Usa? 8 Jahre
89%
Wieso gab es zwischen Februar 2022 und März 2022 so eine steigende Inflaktionsrate? Der Krieg zwischen Ukraine und Russland hat angefangen
89%
Was war Adolf Hitler? ein Führer
89%
Wie heißt der Nordkoreanische Diktator ? Kim Jong-un
89%
Wie viele Einwohner hat Deutschland? Stand 01/2022 83.8 Millionen
78%
Wie heißen Harry Potters beste Freunde? Hermine Granger und Ron Weasley
78%
Wann wurde Queen Elisabeth II. zur Königin gekrönt? 1953
33%
Welches Land ist größer? Australien
33%
Welches Land hat mehr Einwohner? Italien
22%
Keine übereinstimmenden Quizze gefunden
Verteilung der Resultate
Anzahl Personen mit jedem Resultat
Perzentil nach korrekt beantworteten Fragen
Ihre Resultats-Entwicklung
Sie haben dieses Quiz noch nicht gespielt